000 00543nam a22001937a 4500
003 OSt
005 20140310181920.0
008 130718t xxu||||| |||| 00| 0 eng d
050 _aHQ 769
_b.Sh556 1996
082 _aTRE 155.2
_bSt4 1996
100 _aShiotsu, Vicky
_91488
245 _aA step- by -step series :
_bBuilding Self- Esteem /
_cVicky Shiotsu.
260 _aMichigan :
_bInstructional Fair,
_cc1996.
300 _a16 p. ;
_bill. ;
_c26 cm.
520 _aFaculty
541 _j1
562 _e1
942 _2lcc
_cBK-TR
_kTR
999 _c6933
_d6933